00353nam a22001457a 4500003000400000020001800004082001600022100002000038245004500058260004000103300000800143650001900151700001800170700001900188SGT a9789358794861 a617.6bV24C aNehmat, Chaddha aVirtual Reality and Haptics in Dentistry aIndiabRed Shine Publicationsc2024 a130 aPeriodontology aMalik, Shagun aBhardwaj, Amit